La compañera

Guardat en:
Dades bibliogràfiques
Autor principal: Meersch, Maxence van der (autor)
Format: Llibre
Idioma:espanyol
Publicat: Barcelona Plaza and James 1962
Col·lecció:<La >Obra Inolvidable
Matèries:
Etiquetes: Afegir etiqueta
Sense etiquetes, Sigues el primer a etiquetar aquest registre!

MARC

LEADER 00000nam a2200000 a 4500
001 UCT0349
003 CL-VaPUC
008 960830e19620000SP |||||||||||||||||spa|d
082 0 4 |a 843  |b VAN  |2 21 
100 |a Meersch, Maxence van der  |e autor  |9 570602 
245 1 3 |a La compañera 
300 |a 275 p 
942 |c BK 
945 |d 19960830 00:00:00  |a rleighto 
260 |a Barcelona  |b Plaza and James  |c 1962 
650 0 |a Novela francesa  |9 264985 
583 |a last modification  |c 19960830 00:00:00  |k Rodrigo Vera 
490 0 |a <La >Obra Inolvidable 
999 |c 251370  |d 251368 
952 |0 0  |1 0  |4 0  |6 843_000000000000000_VAN_1962  |7 0  |8 P  |9 270481  |a BIBEDU  |b BIBEDU  |d 2019-11-19  |i 3226646  |o 843 VAN 1962  |p 3226646  |r 2019-11-19  |w 2019-11-19  |y BK  |k EDU